Music Quiz

Random Music or Song Quiz
Score 0/51 Timer 04:00
0 Plays Today
Song Title K, B or P? % Correct
Oops!...I Did It Again???
82.8%
...Baby One More Time???
82.7%
TiK ToK???
81.9%
Toxic???
81.3%
Womanizer???
80%
I Kissed A Girl (And I Liked It)???
78.5%
California Gurls???
78.4%
Firework???
78.3%
Teenage Dream???
77.7%
Last Friday Night???
76.4%
We R Who We R???
76.2%
Hot N Cold???
75.9%
I'm A Slave 4 U???
75.2%
Circus???
73.8%
E.T.???
73.3%
Your Love Is My Drug???
73%
Blah Blah Blah???
72.8%
Die Young???
72%
Blow???
69.8%
Wide Awake???
69.3%
Gimme More???
68.8%
(You Drive Me) Crazy???
68.5%
Hold It Against Me???
67.6%
If U Seek Amy???
66.5%
Waking Up In Vegas???
66%
The One That Got Away???
65.2%
Song Title K, B or P? % Correct
Cannibal???
65%
Stronger???
64.9%
Animal???
63.8%
Take It Off???
62.9%
Me Against The Music???
62.5%
Everytime???
60.8%
3???
60.4%
Unconditionally???
59.7%
Sometimes???
59.6%
Part Of Me???
58.8%
Dirty Picture???
56%
Piece Of Me???
55.9%
Disgusting???
52.5%
My First Kiss???
50.8%
Break The Ice???
50.3%
Backstabber???
49.1%
This Is How We Do???
49%
Boom Boom Bang???
48.6%
Kiss 'N' Tell???
45.9%
Not Like The Movies???
45.9%
Outrageous???
44.9%
Blind???
41.7%
Dancing With Tears In My Eyes???
41.1%
Simple???
25.6%
If You Can Afford Me???
24.5%
Remove Ads.
Support Sporcle.
Get the best of Sporcle when you Go Orange. This ad-free experience offers more features, more stats, and more fun while also helping to support Sporcle. Thank you for becoming a member.

You're not logged in!

Compare scores with friends on all Sporcle quizzes.
OR
Log In

Show Comments

Extras

Top Quizzes Today


Score Distribution

Your Account Isn't Verified!

In order to create a playlist on Sporcle, you need to verify the email address you used during registration. Go to your Sporcle Settings to finish the process.

Report this User

Report this user for behavior that violates our Community Guidelines.

Details: